King Henry V /

Gespeichert in:
Bibliographische Detailangaben
1. Verfasser: Shakespeare, William, 1564-1616.
Format: Buch
Sprache:English
Veröffentlicht: Cambridge : Cambridge University Press, 1993.
Schlagworte:
Tags: Tag hinzufügen
Keine Tags, Fügen Sie den ersten Tag hinzu!
Thư viện lưu trữ: Mạng thư viện Đại học Đà Nẵng
LEADER 00856cam a2200325 i 4500
001 000045897
003 5096
005 20030213161113.0
008 010226|1993 vm 000 eng
020 |a 0521293693 
040 |a IRC  |c IRC  |d IRC 
041 0 |a eng 
082 1 4 |a 822.33  |b SH-W 
100 1 |a Shakespeare, William,  |d 1564-1616. 
245 0 0 |a King Henry V /  |c William Shakespeare, 1564-1616. 
260 |a Cambridge :  |b Cambridge University Press,  |c 1993. 
300 |a xvii, 240p. :  |b ill. 
630 0 4 |a Drama. 
630 0 4 |a William Shakespeare. 
650 0 4 |a Henry V,  |c King of England,  |d 1387-1422  |x Drama. 
OWN |a DUT 
999 |a From the UDN01 
TYP |a Monograph 
TYP |a Printed language 
980 |a Mạng thư viện Đại học Đà Nẵng